Northern Pacific Railway /

Bibliographic Details
Main Author: Frey, Robert L., 1938-
Other Authors: Schrenk, Lorenz P., 1932-
Format: Book
Language:English
Published: San Marino, Calif. : Golden West Books, [1985-]
Subjects:

MARC

Tag First Indicator Second Indicator Subfields
LEADER 00000cam a2200000 a 4500
001 in00000024011
005 20151007055616.0
008 850620m19859999caua b 00110 eng
010 |a  85013189  
020 |a 0870950924 (v. 1) 
035 |a (OCoLC)12285684 
035 |9 AAB8711AM 
040 |a DLC  |c DLC  |d m/c  |d TXA  |d UtOrBLW 
043 |a n-us--- 
049 |a TXAM  |v 1 [A11089585] 
050 0 0 |a TJ603.3.N67  |b F74 1985 
082 0 |a 625.2/61/0973  |2 19 
100 1 |a Frey, Robert L.,  |d 1938- 
245 1 0 |a Northern Pacific Railway /  |c Robert L. Frey, Lorenz P. Schrenk. 
264 1 |a San Marino, Calif. :  |b Golden West Books,  |c [1985-] 
264 4 |c ©1985- 
300 |a volumes :  |b illustrations (some color) ;  |c 29 cm. 
336 |a text  |b txt  |2 rdacontent 
337 |a unmediated  |b n  |2 rdamedia 
338 |a volume  |b nc  |2 rdacarrier 
505 1 |a v. 1. Supersteam era, 1925-1945. 
504 |a Bibliography: volume 1, pages 214-218. 
500 |a Includes indexes. 
650 0 |a Locomotives  |z United States  |x History. 
610 2 0 |a Northern Pacific Railway Company  |x History. 
700 1 |a Schrenk, Lorenz P.,  |d 1932- 
999 |a MARS 
999 f f |s 3612a6ff-ba3e-3e08-98c7-8bdcfd727d82  |i b166c63c-a2a8-36a7-8370-55feac286798  |t 0 
952 f f |p ric  |a Texas A&M University  |b Rellis Campus  |c Joint Library Facility  |d Remote Storage  |t 0  |e TJ603.3.N67 F74 1985  |h Library of Congress classification  |i unmediated -- volume  |k v.1  |m A14811089585 
998 f f |a TJ603.3.N67 F74 1985  |t 0  |l Remote Storage